| 000 | 00764nam a2200253 4500 | ||
|---|---|---|---|
| 003 | OSt | ||
| 005 | 20240618014950.0 | ||
| 006 | a | ||
| 008 | 240618b |||||||| |||| 00| 0 eng d | ||
| 020 | _a9780071086301 | ||
| 040 |
_aDWCL-Main lib. _cOC |
||
| 082 |
_2Fourth edition _aCirc. 158.7 D326i 2012 |
||
| 100 | _aDe Janasz, Suzanne C | ||
| 245 | _aInterpersonal skills in organization / | ||
| 250 | _aFourth edition | ||
| 260 |
_aNew York : _bMcGraw-Hill, _cc2012. |
||
| 300 |
_axix, _b471 p. : ill. ; _c27 cm. |
||
| 504 | _aIncludes index. | ||
| 650 | _a1. Organizational behavior. | ||
| 650 | _a2. Interpersonal relations. | ||
| 650 | _a3. Industrial psychology. | ||
| 700 | _aSuzanne C De Janasz | ||
| 942 |
_2ddc _n0 _cBK-CIRC _eFourth edition _kCirc. |
||
| 999 |
_c785 _d785 |
||